LEADER 01376nam a2200265 i 4500 001 000000027798 003 CaOOAMICUS 005 20230307083800.0 008 180830s1844 it u000 u lat u 040 $aSeMil$bita 100 1 $aRomano, Giuseppe,$d<1810-1878>.$0(OLS)http://semarc/name/923 245 10$aTheologiae moralis institutiones ex Sacris Scripturis canonibus ac SS.Patrum saniorumque doctorum sententiis collectae Paschalis Fulco /$copera et studio Iosephi Romani. 250 $aEd. novissima ... nunc primum accesserunt doctrinae theorico-practicae ex operibus depromptae S. Alphonsi M. De Ligorio. 260 $aNeapoli :$bEx Typographeo ad signum ancorae,$c1844. 300 $a4 v. ;$c21 cm. 650 4$aTeologia morale - Manuali.$0(OLS)http://semarc/subject/610 700 1 $aFulco, Pasquale .$0(OLS)http://semarc/name/12642 700 1 $aLiguori, Alfonso Maria : de' ,$c.$0(OLS)http://semarc/name/4500 774 0 $t1.$g1$w()50665 774 0 $t2.$g2$w()217526 774 0 $t3.$g3$w()217527 774 0 $t4.$g4$w()217525 996 $6245$aTheologiae moralis institutiones ex Sacris Scripturis canonibus ac SS.Patrum saniorumque doctorum sententiis collectae Paschalis Fulco$9(OLS)http://semarc/title/37658 996 $6260$aNeapoli :$bEx Typographeo ad signum ancorae$9(OLS)http://semarc/publisher/37454 LEADER 00955nam a2200229 i 4500 001 000000068461 003 CaOOAMICUS 005 20100726000000.0 008 100726s1932 fr u000 u fre u 013 $a39633 040 $aSeMil$bita 100 1 $aDefourny, Maurice.$0(OLS)http://semarc/name/34133 245 10$aAristote :$bétudes sur la «Politique» /$cpar M. Defourny. 260 $aParis :$bBeauchesne,$c1932. 300 $aXX, 555 p. ;$c22 cm. 490 0 $aBibliothèque des Archives de philosophie 650 4$aAristotele <384-322 a.C.> . Politica.$0(OLS)http://semarc/subject/1200 830 0$aBibliothèque des Archives de philosophie.$0(OLS)http://semarc/title/26800 850 $aSeMil 852 $aSeMil$W1$xVenegono$y1$m2O III 77$j34614$B34614$CSeMilBibl$Z2$F34617 $81 996 $6245$aAristote :$bétudes sur la «Politique»$9(OLS)http://semarc/title/109286 996 $6260$aParis :$bBeauchesne$9(OLS)http://semarc/publisher/29638